Normal view
MARC view
- دروزه،ندى معدة/عياصرة،أحمد معد/العجم،إيمان معده/المومني،محمد عكاشة معد/ششتاوي،هشام معد
Entry Personal Name
001 - CONTROL NUMBER
- control field: 43743
003 - CONTROL NUMBER IDENTIFIER
- control field: JO-AjAnu
005 - DATE AND TIME OF LATEST TRANSACTION
- control field: 20230606081240.0
008 - FIXED-LENGTH DATA ELEMENTS
- fixed length control field: 230606|| aca||aabn | a|a d
040 ## - CATALOGING SOURCE
- Original cataloging agency: JO-AjAnu
- Transcribing agency: JO-AjAnu
100 ## - HEADING--PERSONAL NAME
- Personal name: دروزه،ندى معدة/عياصرة،أحمد معد/العجم،إيمان معده/المومني،محمد عكاشة معد/ششتاوي،هشام معد
670 ## - SOURCE DATA FOUND
- Source citation: Work cat.: (JO-AjAnu)22395: دروزه،ندى معدة/عياصرة،أحمد معد/العجم،إيمان معده/المومني،محمد عكاشة معد/ششتاوي،هشام معد, author, دليل المرشدين والمرشدات التربويين في المدارس الأردنية حول حماية الأطفال من الإساءة(8-12)